Transformers: Rise of the Beasts Characters - Statistics

General Stats
  • This quiz has been taken 264 times
    219 since last reset
  • The average score is 13 of 17
Answer Stats
Vehicle Mode Description Character % Correct
1987 Freightliner FLA Semi Truck Voiced by: Peter Cullen The heroic and fearless
Leader of the Autobots
Optimus Prime
99%
1977 Chevrolet Camaro The Autobot scout and human guardian Bumblebee
98%
Porsche 964 RS Voiced by: Pete Davidson The rebellious Autobot who likes to get involved in human culture Mirage
93%
Ducati 916 Voiced by: Liza Koshy The Autobot field
commander and spy
Arcee
92%
Organic/Robotic Gorilla Voiced by: Ron Perlman The Leader of the Maximals Optimus Primal
92%
1970s Volkswagen Type 2Panel Bus Voiced by: Cristo Fernandez The Autobot scientist and
mechanic
Wheeljack
85%
Organic/Robotic Cheetah Voiced by: Tongayi Chirisa The youthful Maximal who is
always overconfident
Cheetor
83%
Organic/Robotic Rhinoceros Voiced by: David Sobolov The Maximal tactician who is
always up for a brawl
Rhinox
80%
Peterbilt 359 Day Cab SemiTruck Voiced by: Peter Dinklage The Leader of the Terrorcons
who steals his victims' insignias and tattoos them on his body
Scourge
80%
Robotic Planet Voiced by: Colman Domingo The vile God and Lord of chaos Unicron
79%
Organic/Robotic PeregrineFalcon Voiced by: Michelle Yeoh The Maximal spy who is the
eyes from above
Airazor
77%
Fairchild C-119 Flying Boxcar Voiced by: John DiMaggio The Autobot transporter who is a gian Stratosphere
63%
Nissan Skyline GT-R R33 Voiced by: Michaela Jae Rodriguez The Terrorcon spy, who was
formerly a Decepticon
Nightbird
61%
1980s GMC TopKick C7000Tow Truck Voiced by: David Sobolov The Terrorcon brute and right-
hand man to his Leader
Battletrap
54%
Organic/Robotic Gorilla Voiced by: David Sobolov The former leader of the Maximals Apelinq
52%
Organic/Robotic Scorpion The Predacon spy who has anarmy of scorpions Scorponok
48%
Various Weapons Terrorcon army drone(s) who canbe used as weapons by the Terrorcons Freezer
32%
No matching quizzes found
Score Distribution
Percent of People with Each Score
Percentile by Number Answered
Your Score History
You have not taken this quiz since the last reset